[Event "Titled Tue 1st Jul Early"]
[Site "chess.com INT"]
[Date "2025.07.01"]
[Round "6"]
[White "Pribelszky, Bence"]
[Black "Zhukov, Ivan"]
[Result "0-1"]
[WhiteTitle "IM"]
[BlackTitle "CM"]
[WhiteElo "2401"]
[BlackElo "2044"]
[WhiteFideId "769738"]
[BlackFideId "54114748"]
[EventDate "2025.07.01"]

1. b3 d5 2. Bb2 c5 3. g3 Nc6 4. Nf3 Bf5 5. Bg2 Nf6 6. O-O e6 7. d3 Be7 8. Nbd2
O-O 9. Re1 h6 10. e4 Bh7 11. exd5 Nxd5 12. Nc4 Rc8 13. Qd2 b5 14. Nce5 Nxe5 15.
Nxe5 Bf6 16. a4 a6 17. axb5 axb5 18. Ra5 b4 19. Rea1 Nc3 20. Bxc3 bxc3 21. Qe2
Qc7 22. Nc4 Bd4 23. Ra7 Qd8 24. h4 Qf6 25. Bf3 Bf5 26. Kg2 g5 27. hxg5 hxg5 28.
Rf1 Rcd8 29. Be4 Kg7 30. Bxf5 Qxf5 31. Qf3 Qxf3+ 32. Kxf3 Kg6 33. Rfa1 f5 34.
Re7 g4+ 35. Kg2 Kf6 36. Raa7 Ra8 37. Nd6 Rxa7 38. Rxa7 Rd8 39. Nb5 Be5 40. Ra6
Rb8 41. Na3 Bd4 42. f3 Ke5 43. Nc4+ Kf6 44. Nb6 gxf3+ 45. Kxf3 Rd8 46. Ra7 Kg6
47. Nc4 e5 48. Ra6+ Kg5 49. Nd6 Rf8 50. Rc6 Rf6 51. Kg2 e4 52. dxe4 Be5 53. Rxc5
Bxd6 54. Rd5 Bc7 55. exf5 Rxf5 56. Rd3 Rc5 57. b4 Rc4 58. b5 Kg4 59. Rd7 Be5 60.
Rd5 Kf5 61. b6 Ke6 62. Rb5 Rc8 63. b7 Rb8 64. Kf3 Bc7 65. Ke4 Bxg3 66. Kd4 Bc7
67. Kc5 Kd7 68. Rb3 Re8 69. Rxc3 Re5+ 70. Kc4 Bd6 71. Rb3 Re8 72. c3 Kc7 73. Kd5
Bg3 74. c4 Rd8+ 75. Ke4 Bd6 0-1

[Event "Titled Tue 1st Jul Early"]
[Site "chess.com INT"]
[Date "2025.07.01"]
[Round "6"]
[White "Kollars, Dmitrij"]
[Black "Pranav, V"]
[Result "0-1"]
[WhiteTitle "GM"]
[BlackTitle "GM"]
[WhiteElo "2644"]
[BlackElo "2594"]
[WhiteFideId "12909572"]
[BlackFideId "25060783"]
[EventDate "2025.07.01"]

1. e4 e5 2. Nf3 Nc6 3. Nc3 Nf6 4. d4 exd4 5. Nxd4 Bb4 6. Nxc6 bxc6 7. Bd3 O-O 8.
O-O Re8 9. Qf3 d6 10. h3 Nd7 11. Qg3 Qe7 12. Na4 Ne5 13. Be2 d5 14. Bg5 f6 15.
Bf4 Bd6 16. Nc3 d4 17. Na4 c5 18. b3 Bb7 19. Bd3 g5 20. Bxe5 Bxe5 21. f4 Bd6 22.
Rae1 Qg7 23. e5 fxe5 24. fxe5 Bxe5 25. Qg4 Bd6 26. Qf5 Rxe1 27. Rxe1 Rf8 28. Qg4
Qf6 29. Kh1 Qf4 30. Qxf4 Rxf4 31. Kg1 g4 32. hxg4 Rxg4 33. Re2 h5 34. Kf1 h4 35.
Bf5 Rf4+ 36. Rf2 Rxf2+ 37. Kxf2 Kf7 38. Nb2 Kf6 39. Bg4 Bg3+ 40. Kf1 Be4 41. Nd3
Bd6 42. Kf2 Kg5 43. Bf3 Bg3+ 44. Ke2 Bf5 45. Bd5 Bd6 46. Bf3 Be7 47. Kf2 Bd6 48.
Ke2 Bg6 49. Kf2 Kf6 50. Ke2 Bf7 51. Nf2 c4 52. Kd1 Ke5 53. Be2 cxb3 54. axb3 Kf4
55. Ke1 Bg6 56. Bd3 Bf7 57. Kf1 Bd5 58. Bc4 Bc6 59. Be2 Kg3 60. Bf3 Bxf3 61.
gxf3 Kxf3 62. Nd3 Bg3 63. Kg1 h3 64. Nb4 Ke3 65. Nc6 a6 66. Kh1 Bd6 67. Kg1 d3
68. cxd3 Kxd3 69. Nb8 a5 70. Nc6 Bb4 71. Kh2 Kc3 72. Kxh3 Kxb3 73. Kg2 a4 74.
Kf3 a3 75. Ke2 a2 76. Nd4+ Kb2 0-1

[Event "Titled Tue 1st Jul Early"]
[Site "chess.com INT"]
[Date "2025.07.01"]
[Round "6"]
[White "Storey, Charles H"]
[Black "Demchenko, Yaroslav"]
[Result "1/2-1/2"]
[WhiteTitle "FM"]
[BlackTitle "CM"]
[WhiteElo "2102"]
[BlackElo "2217"]
[WhiteFideId "406686"]
[BlackFideId "14186667"]
[EventDate "2025.07.01"]

1. e4 e6 2. d4 d5 3. Nc3 dxe4 4. Nxe4 Nd7 5. Nf3 Ngf6 6. Bg5 Be7 7. Bxf6 Nxf6 8.
Bd3 O-O 9. Qe2 Rb8 10. h4 b6 11. Nfg5 Nxe4 12. Qxe4 f5 13. Qe3 Bf6 14. Nxe6 Bxe6
15. Qxe6+ Kh8 16. Qxf5 g6 17. Qg4 Qd5 18. c3 Rbe8+ 19. Kf1 c5 20. h5 Bg5 21.
hxg6 h6 22. Re1 Kg7 23. Re4 c4 24. Bc2 b5 25. Rh3 b4 26. Rxe8 Rxe8 27. Rf3 Re7
28. Rf7+ Rxf7 29. gxf7 Qxf7 30. Qe4 Kf8 31. Qa8+ Kg7 32. Qe4 bxc3 33. bxc3 Bd2
34. Qg4+ Kf8 35. Qc8+ Kg7 36. Qg4+ Bg5 37. g3 Kf8 38. f4 Be7 39. Qf5 Qxf5 40.
Bxf5 Ba3 41. Be6 Bb2 42. Bxc4 Bxc3 43. d5 Ke7 44. Kg2 Kf6 45. Kf3 Bb4 46. g4 Bd6
47. Ke4 Bc7 48. Bb5 Bd6 49. Ba6 Bc7 50. Bb7 Bd6 51. Bc8 Bc7 52. Kf3 Bd6 53. Ke4
Bc7 54. f5 Bd6 55. Kd4 Kg5 56. Kc4 Kf6 57. Kb5 Ke5 58. Kc6 a5 59. a4 Bb4 60. Ba6
Ba3 61. Bc8 Bb4 62. Bd7 Ba3 63. Be8 Bb4 64. Bh5 Ba3 65. Kc7 Bd6+ 66. Kd7 Bb4 67.
Kc6 Ba3 68. f6 Kxf6 69. d6 Ke6 70. Kc7 Bxd6+ 71. Kb6 Bb4 72. Kb5 Kf6 73. Kc4 Kg5
74. Kb5 Be1 75. Kc4 Bd2 76. Kb5 Be1 77. Kc4 Bb4 78. Kb5 Kf4 79. Kc4 Ke3 80. Kb5
Kd2 81. Kc4 Kc2 82. Kb5 Kb3 83. Bg6 Kc3 84. Bh5 Kd4 85. Bg6 Ke5 86. Bh5 Kf6 87.
Be8 Kg5 88. Bh5 1/2-1/2

[Event "Titled Tue 1st Jul Early"]
[Site "chess.com INT"]
[Date "2025.07.01"]
[Round "6"]
[White "Maghsoodloo, Parham"]
[Black "Lesovoi, Evgenij"]
[Result "1/2-1/2"]
[WhiteTitle "GM"]
[BlackTitle "FM"]
[WhiteElo "2695"]
[BlackElo "2234"]
[WhiteFideId "12539929"]
[BlackFideId "24164135"]
[EventDate "2025.07.01"]

1. d4 Nf6 2. c4 e6 3. Nc3 Bb4 4. e3 O-O 5. Ne2 d5 6. a3 Bd6 7. Ng3 Re8 8. Qc2 c6
9. b4 a5 10. b5 e5 11. dxe5 Bxe5 12. Be2 Be6 13. cxd5 Nxd5 14. Bb2 Nxc3 15. Bxc3
Qf6 16. Bxe5 Qxe5 17. Rb1 a4 18. bxc6 Nxc6 19. O-O Bb3 20. Qb2 Rad8 21. Rfc1 g6
22. h4 h5 23. Bc4 Na5 24. Bf1 b5 25. Qc3 Nc4 26. Qb4 Qe7 27. Bxc4 bxc4 28. Qxe7
Rxe7 29. Ne2 Rd2 30. Nc3 Kg7 31. g3 f6 32. Kf1 g5 33. Ke1 Rd3 34. Ne2 Red7 35.
Nd4 Kg6 36. Rb2 gxh4 37. gxh4 R7xd4 38. exd4 Rxd4 39. f3 Rxh4 40. Rg2+ Kf5 41.
Kd2 Kf4 42. Rg6 Rh2+ 43. Kc3 f5 44. Kb4 h4 45. Rh6 h3 46. Rg1 Ba2 47. Rh5 Rb2+
48. Kxa4 c3 49. Rh4+ Ke3 50. Rxh3 f4 51. Rhh1 Bc4 52. Rc1 c2 53. Rh2 Bd3 54. Ka5
Kd4 55. a4 Kc3 56. Rh8 Kd2 57. Rch1 Rb1 58. R8h2+ Kc3 59. Rh4 c1=Q 60. Rxc1+
Rxc1 61. Rxf4 Rb1 62. Rf6 Rb7 63. Rc6+ Kd4 64. Rb6 Ra7+ 65. Kb4 Bc4 66. a5 Bd5
67. a6 Rc7 68. Ka5 Rc1 69. Rb5 Bc4 70. Rb4 Kc5 71. a7 Bd5 72. Rb5+ Kc6 73. Rb6+
Kc7 74. Ra6 Ba8 75. Rf6 Kb7 76. Rf7+ Kc6 77. f4 Ra1+ 78. Kb4 Kb6 79. f5 Rxa7 80.
Rxa7 Kxa7 81. Kc5 Bf3 82. f6 Bh5 83. Kd6 Kb6 84. Ke7 Kc5 85. f7 Bxf7 1/2-1/2

[Event "Titled Tue 1st Jul Early"]
[Site "chess.com INT"]
[Date "2025.07.01"]
[Round "6"]
[White "Ibrahimli, Murad"]
[Black "Munoz, Francisco Javier"]
[Result "1-0"]
[WhiteTitle "IM"]
[BlackTitle "FM"]
[WhiteElo "2438"]
[BlackElo "2389"]
[WhiteFideId "13410229"]
[BlackFideId "128368"]
[EventDate "2025.07.01"]

1. d4 Nf6 2. c4 e6 3. Nf3 d5 4. Nc3 Nbd7 5. cxd5 exd5 6. Bf4 c6 7. e3 Be7 8. h3
O-O 9. Bd3 Re8 10. O-O Nf8 11. Qc2 g6 12. Rab1 Ne6 13. Be5 a5 14. a3 Ng7 15. Na4
Bf5 16. Bxf6 Bxf6 17. Nc5 Bxd3 18. Qxd3 Qe7 19. b4 axb4 20. Rxb4 b5 21. a4 bxa4
22. Rxa4 Rxa4 23. Nxa4 Nf5 24. Qc2 Qd6 25. Rc1 Ra8 26. Nc5 Ne7 27. Nd3 Ra6 28.
Nfe5 Bxe5 29. Nxe5 f6 30. Nd3 Qa3 31. Rb1 Qa2 32. Rb2 Qa4 33. Qc5 Qa3 34. Rb8+
Kf7 35. Qxa3 Rxa3 36. Nc5 Ra1+ 37. Kh2 h5 38. g4 h4 39. Kg2 g5 40. Rb7 Ra2 41.
Kf3 Ra1 42. Rc7 Ra2 43. Nb7 Ra1 44. Nd8+ Ke8 45. Nxc6 Nxc6 46. Rxc6 Ke7 47. Rc7+
Ke6 48. Rb7 Rc1 49. Rb6+ Ke7 50. Kg2 Rc2 51. Ra6 Rb2 52. Ra5 Ke6 53. Kf3 Rb1 54.
Ra2 Rh1 55. Kg2 Rb1 56. Re2 Rc1 57. f4 Rc3 58. Kf3 Rc1 59. Rf2 Rc3 60. fxg5 fxg5
61. Ra2 Rc1 62. Ra6+ Ke7 63. Rg6 Rg1 64. Rxg5 Rg3+ 65. Kf4 Ke6 66. Re5+ Kd6 67.
Rh5 Rxh3 68. g5 Rh1 69. Kg4 Re1 70. Rxh4 Rxe3 71. Kf5 Ke7 72. Rh7+ Kf8 73. g6
Rf3+ 74. Ke5 Rg3 75. Rf7+ Kg8 76. Rf6 Kg7 77. Re6 Rg5+ 78. Kd6 Rh5 79. Kc5 Rg5
80. Rd6 Rg4 81. Kxd5 Rxg6 82. Rxg6+ Kxg6 83. Ke6 1-0

[Event "Titled Tue 1st Jul Early"]
[Site "chess.com INT"]
[Date "2025.07.01"]
[Round "6"]
[White "Nepomniachtchi, Ian"]
[Black "Nihal, Sarin"]
[Result "0-1"]
[WhiteTitle "GM"]
[BlackTitle "GM"]
[WhiteElo "2742"]
[BlackElo "2692"]
[WhiteFideId "4168119"]
[BlackFideId "25092340"]
[EventDate "2025.07.01"]

1. e4 c6 2. d4 d5 3. Nc3 dxe4 4. Nxe4 Nd7 5. Ng5 Ngf6 6. Bd3 e6 7. N1f3 h6 8.
Nxe6 fxe6 9. Bg6+ Ke7 10. O-O Qc7 11. c4 Kd8 12. c5 Be7 13. Re1 Nd5 14. a3 Rf8
15. b4 a5 16. b5 cxb5 17. Qd3 Ra6 18. Bd2 b4 19. axb4 axb4 20. Be4 N7f6 21. Bg6
Rxa1 22. Rxa1 Nf4 23. Bxf4 Qxf4 24. g3 Qc7 25. Ne5 Nd5 26. Ra8 Bf6 27. Nc4 Ke7
28. Bh5 b3 29. Nd6 b2 30. Qg6 Bxd4 31. Nxc8+ Qxc8 32. Rxc8 Rxc8 33. Qf7+ Kd8 34.
Bg6 Rxc5 35. Qxe6 b6 36. Kg2 Kc7 37. h4 Nf6 38. Qe7+ Nd7 39. Qe4 Bf6 40. Qf4+
Kd8 41. Qd6 Rc1 42. Bf5 Rc7 43. Qb4 Rc5 44. Bg6 Kc7 45. Qf4+ Ne5 46. Bh7 Kb7 47.
Be4+ Kc7 48. Bb1 Kd7 49. Qf5+ Ke7 50. Qe4 Kd7 51. Qb7+ Kd6 52. Qxb6+ Nc6 53. Be4
Rc4 54. Bg6 Rb4 55. Qe3 Ne5 56. Bb1 Nc6 57. Qd2+ Kc5 58. Qe2 Nd4 59. Qd3 Nb5 60.
Qf5+ Kb6 61. Qe6+ Kc5 62. Qc8+ Kb6 63. Qb8+ Kc5 64. Qf8+ Nd6 65. f4 Rc4 66. Kh3
Rc1 67. Bh7 b1=Q 68. Bxb1 Rxb1 69. Kg4 Rb3 70. h5 Rc3 71. Qa8 Nc4 72. Qa7+ Kd5
73. Qb7+ Kc5 74. Qa7+ Kd5 75. Qb7+ Kd4 76. Qa7+ Kd3 77. Kf5 Ke2 78. g4 Ne3+ 79.
Ke4 Rc4+ 0-1

[Event "Titled Tue 1st Jul Early"]
[Site "chess.com INT"]
[Date "2025.07.01"]
[Round "6"]
[White "Joseph Benher, Savio"]
[Black "Cordoba Roa, Angel Gabriel"]
[Result "1/2-1/2"]
[BlackTitle "FM"]
[WhiteElo "2143"]
[BlackElo "2396"]
[WhiteFideId "2629453"]
[BlackFideId "3957624"]
[EventDate "2025.07.01"]

1. e4 c5 2. Nf3 d6 3. d4 cxd4 4. Nxd4 Nf6 5. Nc3 g6 6. Be3 Nc6 7. f3 h5 8. Bc4
Bd7 9. Qd2 Bg7 10. Bb3 Na5 11. O-O Rc8 12. Rad1 Nc4 13. Bxc4 Rxc4 14. Qe2 Qc8
15. Nb3 O-O 16. Bxa7 b5 17. a3 h4 18. Na5 Rxc3 19. bxc3 Qa6 20. Bf2 Qxa5 21.
Bxh4 Be6 22. Qe3 Rc8 23. Be1 Qxa3 24. Kh1 Qc5 25. Qc1 Qh5 26. Qa1 Nd7 27. Qa6
Nb8 28. Qb7 Qc5 29. Qxe7 Nc6 30. Qxd6 Qxd6 31. Rxd6 Na5 32. Rb6 Bxc3 33. Bxc3
Rxc3 34. Rxb5 Bc4 35. Rb8+ Kg7 36. Rf2 Nc6 37. Rc8 Be6 38. Rc7 Ra3 39. h3 Ne5
40. Kh2 g5 41. Rc5 Kf6 42. f4 Nd7 43. Rxg5 Rc3 44. e5+ Ke7 45. f5 Bd5 46. e6
fxe6 47. f6+ Kd6 48. f7 Rc8 49. Rg8 Rf8 50. Rxf8 Nxf8 51. g4 e5 52. Rd2 Ke6 53.
g5 Be4 54. h4 Kxf7 55. Rf2+ Kg7 56. h5 Ne6 57. g6 Nf4 58. Kg3 Nxh5+ 59. Kh4 Nf4
60. Kg5 Ne6+ 61. Kg4 Bxg6 62. Re2 e4 63. c4 Kf6 64. Re3 Ke5 65. c5 Nxc5 66.
Rxe4+ Bxe4 67. Kg5 Bf5 68. Kh6 Ne6 69. Kh5 Kf4 70. Kh4 Bg6 71. Kh3 Kf3 72. Kh4
Bf7 73. Kh3 Kf4 74. Kh4 Ng7 75. Kh3 Nf5 76. Kh2 Bh5 77. Kh3 Bg4+ 78. Kg2 Nh4+
79. Kf2 Bf3 80. Ke1 Ke3 81. Kf1 Ng6 82. Ke1 Ne5 83. Kf1 Bd5 84. Ke1 Bb3 85. Kf1
Kf3 86. Ke1 Nc4 87. Kf1 Nd6 88. Ke1 Ne4 89. Kf1 Ke3 90. Ke1 Nf2 91. Kf1 Kf3 92.
Ke1 Ne4 93. Kf1 Bc4+ 94. Ke1 Ke3 95. Kd1 Kd3 96. Kc1 Nd2 97. Kb2 Bd5 98. Ka3 Kc4
99. Kb2 Nb3 100. Kc2 Be4+ 101. Kb2 Kb4 102. Ka2 Nc5 103. Kb2 Na4+ 104. Ka2 Bd5+
105. Kb1 Kc3 106. Kc1 Nb2 107. Kb1 Nc4 108. Kc1 Ne3 109. Kb1 Nc2 110. Kc1 Ba2
111. Kd1 Nd4 112. Kc1 Kd3 113. Kd1 Ne2 114. Ke1 Ke3 115. Kd1 Bb3+ 116. Ke1 Nf4 1/2-1/2

[Event "Titled Tue 1st Jul Early"]
[Site "chess.com INT"]
[Date "2025.07.01"]
[Round "6"]
[White "Indjic, Aleksandar"]
[Black "Shandrygin, Nikita"]
[Result "1/2-1/2"]
[WhiteTitle "GM"]
[BlackTitle "FM"]
[WhiteElo "2661"]
[BlackElo "2209"]
[WhiteFideId "911925"]
[BlackFideId "24198668"]
[EventDate "2025.07.01"]

1. d4 d5 2. Nc3 Nc6 3. e4 dxe4 4. d5 Ne5 5. Bf4 Ng6 6. Bg3 f5 7. Nh3 e5 8. dxe6
Bxe6 9. Qxd8+ Rxd8 10. Nb5 Bb4+ 11. c3 Ba5 12. Nxc7+ Bxc7 13. Bxc7 Rc8 14. Bg3
h6 15. Nf4 Nxf4 16. Bxf4 Nf6 17. h3 Ke7 18. Be2 Rhd8 19. Be3 Nd5 20. Bd4 Nf4 21.
g3 Nxe2 22. Kxe2 Bc4+ 23. Ke3 b6 24. h4 g6 25. Rhd1 Rd5 26. b3 Bd3 27. f4 h5 28.
c4 Rd7 29. Rd2 Ke6 30. a4 Rc6 31. Be5 a6 32. Raa2 Rb7 33. Rxd3 exd3 34. Kxd3 b5
35. cxb5 axb5 36. a5 b4 37. Ra4 Kd5 38. a6 Ra7 39. Rxb4 Raxa6 40. Rb5+ Ke6 41.
Rb8 Rab6 42. Rxb6 Rxb6 43. Kc4 Rc6+ 44. Kd4 Rc1 45. b4 Rg1 46. b5 Rxg3 47. b6
Rb3 48. Bc7 g5 49. Kc4 Rb1 50. fxg5 f4 51. Kd3 Kf5 52. Ke2 Rb2+ 53. Kf3 Rb3+ 54.
Kf2 Rb2+ 55. Kf3 Rb5 56. g6 Rb3+ 57. Kf2 Kxg6 58. b7 Rxb7 59. Bxf4 Kf5 60. Bg5
Kg4 61. Ke2 Rf7 62. Ke3 Rf3+ 63. Ke2 Rf5 64. Bd8 Kg3 65. Bg5 Re5+ 66. Kf1 Kf3
67. Bf6 Rf5 68. Bg5 Rb5 69. Ke1 Rb2 70. Bf6 Rg2 71. Kf1 Re2 72. Bg5 Re4 73. Kg1
Rg4+ 74. Kf1 Rc4 75. Kg1 Ke2 76. Kg2 Rg4+ 77. Kh3 Kf3 78. Kh2 Rg2+ 79. Kh3 Rg3+
80. Kh2 Rg4 81. Kh3 Re4 82. Kh2 Kg4 83. Kg2 Re2+ 84. Kf1 Kf3 85. Kg1 Rg2+ 86.
Kf1 Rh2 87. Kg1 Rh3 88. Bf6 Kg4 89. Kg2 Rg3+ 90. Kh2 Rf3 91. Bg5 Rb3 92. Kg2
Rb2+ 93. Kf1 Rc2 94. Kg1 Kf3 95. Bf6 Rc4 96. Bg5 Rg4+ 97. Kf1 Re4 1/2-1/2

[Event "Titled Tue 1st Jul Early"]
[Site "chess.com INT"]
[Date "2025.07.01"]
[Round "7"]
[White "Yaksin, Oleg"]
[Black "Hernandez Leon, Sergio"]
[Result "1-0"]
[WhiteTitle "FM"]
[BlackTitle "CM"]
[WhiteElo "2393"]
[BlackElo "2109"]
[WhiteFideId "24105880"]
[BlackFideId "2285622"]
[EventDate "2025.07.01"]

1. Nf3 d5 2. g3 g6 3. Bg2 Bg7 4. d4 Nf6 5. O-O O-O 6. c4 dxc4 7. a4 c6 8. Na3
Nbd7 9. Nxc4 Nb6 10. Nce5 Nfd7 11. a5 Nxe5 12. Nxe5 Nd5 13. a6 f6 14. axb7 Bxb7
15. Nd3 Qb6 16. Nc5 Rfd8 17. Bd2 e5 18. Ba5 Qb5 19. Bxd8 Rxd8 20. Rxa7 exd4 21.
Nxb7 Qb6 22. Nxd8 1-0

[Event "Titled Tue 1st Jul Early"]
[Site "chess.com INT"]
[Date "2025.07.01"]
[Round "7"]
[White "Unsal, Gorkem"]
[Black "Brozynski, Patryk"]
[Result "1-0"]
[WhiteTitle "CM"]
[BlackTitle "CM"]
[WhiteElo "2109"]
[BlackElo "2192"]
[WhiteFideId "51607484"]
[BlackFideId "2512700"]
[EventDate "2025.07.01"]

1. e4 c5 2. Ne2 e5 3. Nbc3 Nc6 4. Ng3 d6 5. Bc4 g6 6. d3 Bg7 7. O-O Nge7 8. f4
Nd4 9. fxe5 O-O 10. exd6 Qxd6 11. Bf4 Be5 12. Bh6 Bg7 13. Bxg7 Kxg7 14. Qd2 Qe5
15. Rae1 a6 16. Nd5 Be6 17. Nxe7 Bxc4 18. Nef5+ gxf5 19. exf5 Qd5 20. dxc4 Qxc4
21. Qg5+ Kh8 22. Qf6+ Kg8 23. Nh5 Nxf5 24. Rxf5 Qd4+ 25. Qxd4 cxd4 26. Re4 Rac8
27. Nf6+ Kh8 28. Rh4 Rxc2 29. Rxh7# 1-0

[Event "Titled Tue 1st Jul Early"]
[Site "chess.com INT"]
[Date "2025.07.01"]
[Round "7"]
[White "Rabin, Evan"]
[Black "Pribelszky, Bence"]
[Result "0-1"]
[BlackTitle "IM"]
[WhiteElo "1945"]
[BlackElo "2401"]
[WhiteFideId "2028670"]
[BlackFideId "769738"]
[EventDate "2025.07.01"]

1. e4 e6 2. d4 d5 3. Nd2 dxe4 4. Nxe4 Nd7 5. Nf3 Ngf6 6. Nxf6+ Nxf6 7. Bg5 Be7
8. c3 O-O 9. Bd3 h6 10. Bh4 b6 11. Ne5 Bb7 12. O-O c5 13. dxc5 Qd5 14. Nf3 Rfd8
15. Bc2 Qxc5 16. Qe2 Qh5 17. Bg3 Bxf3 18. Qxf3 Qxf3 19. gxf3 Rd2 20. Rac1 Rad8
21. Rfd1 Nh5 22. Kf1 Nxg3+ 23. hxg3 Bc5 24. Ke1 Bxf2+ 25. Kf1 Bxg3 0-1

[Event "Titled Tue 1st Jul Early"]
[Site "chess.com INT"]
[Date "2025.07.01"]
[Round "7"]
[White "Dinesh, Rajan M"]
[Black "Saydaliev, Saidakbar"]
[Result "0-1"]
[WhiteTitle "CM"]
[BlackTitle "IM"]
[WhiteElo "2131"]
[BlackElo "2457"]
[WhiteFideId "35060600"]
[BlackFideId "14203693"]
[EventDate "2025.07.01"]

1. d4 Nf6 2. c4 e6 3. Nf3 d5 4. g3 Be7 5. Bg2 O-O 6. O-O dxc4 7. Qa4 a6 8. Qxc4
b5 9. Qc2 Bb7 10. Nc3 Ra7 11. Rd1 Nbd7 12. Ne5 Bxg2 13. Kxg2 Qa8+ 14. Nf3 c5 15.
Be3 Rc8 16. dxc5 Bxc5 17. Bxc5 Nxc5 18. Rd4 e5 19. Rh4 e4 20. Ng5 h6 21. Nh3 b4
22. Nd1 Nd3 23. Qd2 e3+ 24. f3 exd2 0-1

[Event "Titled Tue 1st Jul Early"]
[Site "chess.com INT"]
[Date "2025.07.01"]
[Round "7"]
[White "Paravyan, David"]
[Black "Waldhausen Gordon, Frederick"]
[Result "1-0"]
[WhiteTitle "GM"]
[BlackTitle "FM"]
[WhiteElo "2589"]
[BlackElo "2395"]
[WhiteFideId "4194985"]
[BlackFideId "2409143"]
[EventDate "2025.07.01"]

1. d4 Nf6 2. c4 e6 3. Nc3 Bb4 4. a3 Bxc3+ 5. bxc3 c5 6. e3 O-O 7. Bd3 d6 8. e4
e5 9. Ne2 Nc6 10. O-O cxd4 11. cxd4 exd4 12. Bb2 Re8 13. Nxd4 Nxe4 14. Re1 Nc5
15. Rxe8+ Qxe8 16. Nb5 Qe7 17. Nxd6 Nxd3 18. Qxd3 Be6 19. c5 b6 20. Qg3 f6 21.
Re1 bxc5 22. Nf5 Bxf5 23. Rxe7 Nxe7 24. Bxf6 Ng6 25. Qb3+ Kh8 26. Bxg7+ Kxg7 27.
Qb7+ 1-0

[Event "Titled Tue 1st Jul Early"]
[Site "chess.com INT"]
[Date "2025.07.01"]
[Round "7"]
[White "Sailer, Mike"]
[Black "Mecit, Emre"]
[Result "0-1"]
[WhiteElo "2108"]
[BlackElo "2007"]
[WhiteFideId "2012901"]
[BlackFideId "6304214"]
[EventDate "2025.07.01"]

1. d4 Nf6 2. Nf3 g6 3. Bf4 Bg7 4. e3 O-O 5. Be2 d6 6. O-O Nc6 7. h3 Re8 8. c4
Bf5 9. Nc3 e5 10. Bh2 h5 11. a3 a5 12. Re1 Qd7 13. Bf1 exd4 14. exd4 Rxe1 15.
Qxe1 Re8 16. Qd2 Ne4 17. Nxe4 Bxe4 18. d5 Bxf3 19. dxc6 Bxc6 20. Rd1 Qf5 21.
Qxa5 Qxa5 0-1

[Event "Titled Tue 1st Jul Early"]
[Site "chess.com INT"]
[Date "2025.07.01"]
[Round "7"]
[White "Zlatkov, Anton"]
[Black "Mujumdar, Sameer"]
[Result "1-0"]
[WhiteTitle "FM"]
[WhiteElo "2330"]
[BlackElo "2054"]
[WhiteFideId "15005402"]
[BlackFideId "2029707"]
[EventDate "2025.07.01"]

1. e4 c5 2. Nf3 d6 3. Bb5+ Nd7 4. d4 cxd4 5. Qxd4 a6 6. Be2 Ngf6 7. O-O g6 8.
Nc3 Bg7 9. Rd1 Qc7 10. Nd5 Qxc2 11. Bd2 Nh5 12. Qe3 O-O 13. Nxe7+ Kh8 14. Bc3
Ne5 15. Nxe5 dxe5 16. Bxh5 gxh5 17. b3 Bg4 18. Rd2 1-0

[Event "Titled Tue 1st Jul Early"]
[Site "chess.com INT"]
[Date "2025.07.01"]
[Round "7"]
[White "Magana Morales, Roberto"]
[Black "Gonzalez Mojica, Renan Arturo"]
[Result "0-1"]
[BlackTitle "FM"]
[WhiteElo "1952"]
[BlackElo "2098"]
[WhiteFideId "5114454"]
[BlackFideId "4482379"]
[EventDate "2025.07.01"]

1. e4 g6 2. d4 Bg7 3. Be3 d6 4. Qd2 a6 5. Nc3 b5 6. a3 Bb7 7. Bd3 Nd7 8. Nf3 c5
9. O-O Ngf6 10. Bh6 Bxh6 11. Qxh6 c4 12. e5 cxd3 13. exf6 Nxf6 14. cxd3 Bxf3 15.
gxf3 Qb6 16. Qe3 O-O 17. Ne4 Nd5 18. Qh6 Qxd4 19. h4 Qxb2 20. h5 Qg7 21. Qg5
gxh5 22. Kh2 Qxg5 23. Nxg5 h6 24. Ne4 Kh7 25. Kh3 Rg8 26. Kh4 Rg2 27. Rg1 Rag8
28. Rxg2 Rxg2 29. Kxh5 f5 30. Ng3 Rh2# 0-1

[Event "Titled Tue 1st Jul Early"]
[Site "chess.com INT"]
[Date "2025.07.01"]
[Round "7"]
[White "Svane, Frederik"]
[Black "Paltrinieri, Nicholas"]
[Result "1-0"]
[WhiteTitle "GM"]
[BlackTitle "FM"]
[WhiteElo "2659"]
[BlackElo "2359"]
[WhiteFideId "12923044"]
[BlackFideId "828262"]
[EventDate "2025.07.01"]

1. e4 e6 2. d4 d5 3. exd5 exd5 4. Nf3 Bd6 5. h3 Nc6 6. Nc3 Nge7 7. Nb5 Bf5 8.
Be2 f6 9. O-O g5 10. c4 dxc4 11. Bxc4 Qd7 12. d5 Ne5 13. Nxd6+ cxd6 14. Nxe5
fxe5 15. Bxg5 O-O-O 16. Qb3 a6 17. Bxa6 Rhg8 18. Rfc1+ Kb8 19. Bb5 Rxg5 20. Bxd7
Bxd7 21. Qb6 1-0

[Event "Titled Tue 1st Jul Early"]
[Site "chess.com INT"]
[Date "2025.07.01"]
[Round "7"]
[White "Levitan, Judah Nathan"]
[Black "Brancaleoni, Maurizio"]
[Result "1-0"]
[WhiteTitle "CM"]
[BlackTitle "FM"]
[WhiteElo "2266"]
[BlackElo "2185"]
[WhiteFideId "14332639"]
[BlackFideId "803022"]
[EventDate "2025.07.01"]

1. e4 c6 2. d4 d5 3. Nd2 dxe4 4. Nxe4 Nf6 5. Nxf6+ exf6 6. c3 Bd6 7. Bd3 O-O 8.
Ne2 Re8 9. O-O Nd7 10. Ng3 g6 11. a4 f5 12. a5 Nf6 13. Bg5 Be7 14. Qd2 Be6 15.
Rae1 Ng4 16. Bxe7 Qxe7 17. h3 Nf6 18. Bxf5 gxf5 19. Nxf5 Kh8 20. Nxe7 Rxe7 21.
Qg5 Ng8 22. f4 Rd7 23. f5 Bc4 24. f6 1-0

[Event "Titled Tue 1st Jul Early"]
[Site "chess.com INT"]
[Date "2025.07.01"]
[Round "7"]
[White "Risteski, Emil"]
[Black "Mitrabha, Guha"]
[Result "0-1"]
[WhiteTitle "IM"]
[BlackTitle "GM"]
[WhiteElo "2374"]
[BlackElo "2515"]
[WhiteFideId "15005267"]
[BlackFideId "5057000"]
[EventDate "2025.07.01"]

1. e4 c6 2. d4 d5 3. e5 Bf5 4. h4 h6 5. h5 e6 6. g4 Be4 7. f3 Bh7 8. Bd3 Bxd3 9.
Qxd3 c5 10. c3 Nc6 11. Ne2 Qb6 12. a3 a5 13. f4 a4 14. Nd2 Nge7 15. dxc5 Qxc5
16. Nf3 Na5 17. Be3 Qc4 18. Qc2 Nec6 19. Rd1 Nb3 20. Kf2 Bc5 21. Bxc5 Nxc5 22.
Ng3 Qxf4 23. Qd2 Qxd2+ 24. Rxd2 Ra6 25. Rhd1 Rb6 26. Re2 Ke7 27. Nd4 Na5 28.
Rdd2 Nc4 0-1

[Event "Titled Tue 1st Jul Early"]
[Site "chess.com INT"]
[Date "2025.07.01"]
[Round "7"]
[White "Ter-Sahakyan, Samvel"]
[Black "Craciun, Sasha-Matei"]
[Result "1-0"]
[WhiteTitle "GM"]
[BlackTitle "FM"]
[WhiteElo "2611"]
[BlackElo "2320"]
[WhiteFideId "13302531"]
[BlackFideId "1281186"]
[EventDate "2025.07.01"]

1. d4 Nf6 2. c4 e6 3. Nc3 Bb4 4. f3 d5 5. a3 Bxc3+ 6. bxc3 O-O 7. cxd5 exd5 8.
e3 c5 9. Bd3 b6 10. Ne2 Re8 11. O-O Ba6 12. Ng3 Bxd3 13. Qxd3 Nc6 14. Bb2 Rc8
15. Rad1 Na5 16. e4 Nc4 17. Bc1 cxd4 18. cxd4 dxe4 19. fxe4 h6 20. e5 Nd5 21.
Nf5 Re6 22. Qf3 Qd7 23. Qg4 g5 24. Nxh6+ 1-0